| 000 | 00922pam a2200277 i 4500 | ||
|---|---|---|---|
| 001 | 4629614 | ||
| 003 | OSt | ||
| 005 | 20231123161605.0 | ||
| 008 | 780808t19781960enka 001 0 eng | ||
| 010 | _a 78040612 | ||
| 015 | _aGB78 | ||
| 020 |
_a0582444071 : _c£5.95 |
||
| 040 |
_aDLC _cDLC _dDLC |
||
| 050 | 0 | 0 |
_aQD261 _b.M25 1978 |
| 082 | 0 | 0 |
_a547.0028 _bMAN/P |
| 100 |
_aMann, Frederick George _94095 |
||
| 245 | 1 | 0 |
_aPractical organic chemistry / _cby Frederick George Mann and Bernard Charles Saunders. |
| 250 | _a4th ed. | ||
| 260 |
_aLondon ; _aNew York : _bLongman, _c1978, c1960. |
||
| 300 |
_axix, 587 p. : _bill. ; _c22 cm. |
||
| 500 | _aIncludes index. | ||
| 650 | 0 |
_aChemistry, Organic _xLaboratory manuals. |
|
| 700 | 1 |
_aSaunders, Bernard Charles, _ejoint author. |
|
| 906 |
_a7 _bcbc _corignew _d1 _eocip _f19 _gy-gencatlg |
||
| 942 |
_2ddc _cBK _h547.0028 _iMAN/P _k547.0028 _mMAN/P |
||
| 999 |
_c41869 _d41869 |
||